<?xml version="1.0" encoding="UTF-8"?>
<marc:record xmlns:marc="http://www.loc.gov/MARC21/slim">
   <marc:leader>00000nam a2200000 a 4500</marc:leader>
   <marc:datafield ind1="0" ind2="0" tag="245">
      <marc:subfield code="a">Checker Tobi 3 [Clever-Tonie]</marc:subfield>
   </marc:datafield>
   <marc:datafield ind1="0" ind2="0" tag="245">
      <marc:subfield code="b">Die heimliche Herrscherin der Erde; Das Extra zum Kinofilm</marc:subfield>
   </marc:datafield>
   <marc:datafield ind1=" " ind2="1" tag="264">
      <marc:subfield code="b">Tonies GmbH</marc:subfield>
      <marc:subfield code="c">2026</marc:subfield>
   </marc:datafield>
   <marc:datafield ind1="1" ind2=" " tag="520">
      <marc:subfield code="a">Das Hörspiel zum neuen Kinofilm „Checker Tobi 3 – Die heimliche Herrscherin der Erde“ begleitet Tobi und seine Freunde aus Mexiko, Norwegen und Madagaskar auf dem Weg zur großen Filmpremiere. Natürlich läuft nichts wie geplant – Staus und wilde Umwege sorgen für jede Menge Action, Witz und Checker-Momente! Mit Originalstimmen aus dem Film, tollen Sounds und viel Wissen über Klima, Umwelt und unsere Erde bietet dieses tonies© Original eine neue Geschichte aus dem Checker-Universum – perfekt für alle, die den Film schon lieben, und alle, die Lust auf ein eigenständiges Abenteuer voller Wissen und Spaß haben. Checker Tobi pur für die Toniebox!</marc:subfield>
   </marc:datafield>
   <marc:datafield ind1="3" ind2=" " tag="024">
      <marc:subfield code="a">4251192183408</marc:subfield>
   </marc:datafield>
</marc:record>
